| 000 | 00610nam a2200217 4500 | ||
|---|---|---|---|
| 003 | OSt | ||
| 005 | 20240703051434.0 | ||
| 006 | a | ||
| 008 | 240703b |||||||| |||| 00| 0 eng d | ||
| 020 | _a978047006821 | ||
| 040 |
_aDWCL-HMN lib. _cOC |
||
| 082 |
_2Third edition _aCirc. 641.5 B646c 2007 |
||
| 100 | _aBlocker, Linda | ||
| 245 | _aCulinary math / | ||
| 250 | _aThird edition | ||
| 260 |
_aN. J. : _bJohn Wiley & Sons, Inc., _cc2007. |
||
| 300 |
_ax, _b262 p. : ill. ; _c27 cm. |
||
| 504 | _aIncludes index. | ||
| 650 | _a1. Cooking-Mathematics. | ||
| 942 |
_2ddc _n0 _cBK-CIRC _eThird edition _kCirc. |
||
| 999 |
_c1866 _d1866 |
||